00389nam a2200133Ia 4500003000400000008004100004040001600045082001500061100002400076245006500100300000800165490003900173650004300212GCL140319s9999 xx 000 0 ara d aGCL / cGCL04a410bع ف1 aعثمان امين10aفلسفة اللغة العربية / cعثمان امين a110 aالمكتبة الثقافيةv004aاللغة العربية - فلسفة